Французский портрет ХІХ века (Запис номер 94271)
[ съкратено ]
| 000 -Лидер | |
|---|---|
| Контролно поле с фиксирана дължина | 00973nam a2200265 c 4500 |
| 003 - Код на организацията, давaща контролен номер | |
| Контролно поле | BLK |
| 005 - Дата и час на последна редакция | |
| Контролно поле | 20180420225548.0 |
| 008 - Елементи от данни с фиксирана дължина | |
| fixed length control field | 180408b bul|||||r ||||||| ||bul|| |
| 010 ## - Наследен системен номер | |
| LC control number | KNG00099089000 |
| 040 ## - Източник на каталожния запис | |
| Идентификатор на билиотеката - собственик на записа | BLK |
| 041 ## - Код за език | |
| Код за езика на текст/звукозапис или на отделно заглавие | Руски |
| Код за езика КДБФ | Руски |
| 080 ## - УДК | |
| Текстов определител УДК | Живопис - Портрети |
| УДК код - определител по УДК | 75.041.5 |
| УДК определител | (44) |
| УДК - код + определител | 75.041.5(44) |
| 100 1# - Редна дума - Автор | |
| Автор | Калитина, Нина Николаевна |
| Авторска отговорност | първи автор |
| R(LIN) | 75311 |
| 139 ## - Редно поле | |
| Редна дума | Калитина, Нина Николаевна |
| Авторски знак | Кал - К 16 |
| 245 10 - Сведения за заглавието | |
| Заглавие | Французский портрет ХІХ века |
| Редно поле (дума) | Нина Николаевна Калитина. |
| 257 ## - Страна на издаване | |
| Страна на създаване/издаване | СССР |
| 260 ## - Област на издателските данни | |
| -- | Ленинград |
| Име на издателя, разпространителя и проч. | Искусство |
| Година на издаване | 1985 |
| 300 ## - Физическа характеристика | |
| Страници | 280 с |
| Илюстрации и др. | с ил. |
| Размери/Мащаб | 27 см |
| 380 ## - Жанр | |
| Жанр | Изкуство |
| 852 ## - Местоположение | |
| Форматна сигнатура | Цб ІІ 3271 |
| 856 4# - Електронен адрес и достъп | |
| Електронен формат | pdf - файл |
| Път до файла /url/ | |
| 856 4# - Електронен адрес и достъп | |
| Електронен формат | pdf - файл |
| Път до файла /url/ | |
| 942 ## - АРТИКУЛИ | |
| Вид на библиотечния материал | Книги |
| Скрит в OPAC | Не |
| 944 ## - СЪЗДАВАНЕ И РЕДАКЦИЯ на ЗАПИСА | |
| Създаване/Редакция | Създаване |
| Дата на регистрацията/редакция | 21.01.2011 |
| Статус, дата на статуса | добави в АБ / 20.01.2011 |
| Служител, извършил регистрацията/редакцията | Наталия_Любомирова |
| 944 ## - СЪЗДАВАНЕ И РЕДАКЦИЯ на ЗАПИСА | |
| Създаване/Редакция | Редакция |
| Дата на регистрацията/редакция | 21.01.2011 |
| Статус, дата на статуса | добави в АБ / 20.01.2011 |
| Служител, извършил регистрацията/редакцията | |
| 999 ## - СИСТЕМНИ КОНТРОЛНИ НОМЕРА | |
| Koha biblionumber | 94271 |
| Koha biblioitemnumber | 94271 |
| Код за отписване | Код за изгубен артикул | Източник на класификационната схема | Код за повреда | Коз за рестрикции | Код за отдаване | Артикулен № | Име на библиотеката - собственик | Име на библиотеката, в която се намира в момента | Статус (Текущо местоположение) | Дата на вписване в системата | Местоположение - отдел | Цена в лева | Инвентарен номер | Систематично азбучна сигнатура | Баркод | Номер на екземпляра | Цена в евро | Служебна бележка | Служебен тип на артикула |
|---|---|---|---|---|---|---|---|---|---|---|---|---|---|---|---|---|---|---|---|
| Не е изгубен | Universal Decimal Classification | Не е повреден | без рестрикции | заемане за дома | 151411 | Регионална библиотека "Любен Каравелов" Русе | Регионална библиотека "Любен Каравелов" Русе | Отдел Изкуство - подръчен фонд | 1985-01-01 | Отдел Изкуство - подръчен фонд | 4.72 | 444079 | 75.04/К 16 | 120000444079 | 1 | 2.41 | N: стар фонд Дата: 01.01.1985 Дата инв: 07.06.2012 Бележки инв: * | Книги |